| 000 | 00384nam a2200157Ia 4500 | ||
|---|---|---|---|
| 999 |
_c10773 _d10773 |
||
| 008 | 191201s2011 xx 000 0 und d | ||
| 082 |
_a659.1 _bJEA |
||
| 100 | _aJETHWANEY, Jaishri | ||
| 245 | 0 | _aAdvertising Management | |
| 250 | _a2nd | ||
| 260 |
_aNew Delhi _bOxford University Press _c2018 |
||
| 300 | _a646 | ||
| 650 | _aB Com | ||
| 700 | _aJAIN, Shruti | ||
| 942 |
_2ddc _cBK _01 |
||